000 00820nam a2200253Ia 4500
003 OSt
005 20220923224318.0
006 a|||||r|||| 00| 0
007 ta
008 220922b |||||||| |||| 00| 0 hin d
024 _a231,011
037 _cTextual
040 _aARTS
_cARTS
_bhin
041 _2hin
_ahin
082 _aO152,1N38x, M6
100 _aभार्गव, भारतरत्न
_9156292
245 0 _aदृश्यों की धार
246 _aDṛushyoan kī dhāra
260 _aहापुड़
_b संभावना प्रकाशन
_c1986
300 _a63पृ.
_ccm.
650 _aहिन्दी साहित्य
_9156264
942 _hO152,1N38x, M6
_cTEXL
_2CC
999 _c370570
_d370570